|
|
|
|
| LEADER |
01189nam a2200337 a 4500 |
| 001 |
000042119 |
| 003 |
9634 |
| 005 |
20201103135731.0 |
| 008 |
171030s1997 |
| 020 |
|
|
|a 0521206340
|
| 040 |
|
|
|a lnn
|c lnn
|d lnn
|
| 041 |
0 |
|
|a eng
|
| 082 |
1 |
4 |
|a 428.1
|b TR-J
|
| 100 |
1 |
|
|a Trim, J. L. M.
|q (John Leslie Melville)
|
| 245 |
0 |
0 |
|a English pronunciation illustrated :
|b student's book /
|c John Trim ; drawings by Peter Kneebone.
|
| 260 |
|
|
|a Cambridge [Eng.] ; New York :
|b Cambridge University Press,
|c 1997.
|
| 300 |
|
|
|a 96 p. :
|b ill. ;
|c 21cm.
|
| 630 |
0 |
4 |
|a English language.
|
| 630 |
0 |
4 |
|a Pronunciation.
|
| 650 |
0 |
4 |
|a English language
|x Pronunciation.
|
| 650 |
0 |
4 |
|a English language
|x Phonetic transcriptions.
|
| OWN |
|
|
|a LNN
|
| 902 |
|
|
|a TKA
|
| AVA |
|
|
|a UDN50
|b LNN
|c English
|d 428.1 TR-J
|e available
|t Error 5001 Not defined in file expand_doc_bib_avail.
|f 1
|g 0
|h N
|i 0
|j AN
|k 1
|
| 999 |
|
|
|a From the UDN01
|
| AVA |
|
|
|a UDN50
|b LNN
|c English
|d 428.1 TR-J
|e available
|t Error 5001 Not defined in file expand_doc_bib_avail.
|f 1
|g 0
|h N
|i 0
|j AN
|k 1
|
| TYP |
|
|
|a Monograph
|
| TYP |
|
|
|a Printed language
|
| 980 |
|
|
|a Mạng thư viện Đại học Đà Nẵng
|